[Event "Wch Blitz"]
[Site "Doha"]
[Date "2016.12.29"]
[Round "8"]
[White "Shytaj, Luca"]
[Black "Zhang, Zhong"]
[Result "1/2-1/2"]
[WhiteElo "2435"]
[BlackElo "2645"]
[PlyCount "96"]
[EventDate "2016.12.29"]
[EventType "swiss (blitz)"]
[EventRounds "21"]
[EventCountry "QAT"]
[SourceTitle "CBM 176 Extra"]
[Source "ChessBase"]
[SourceDate "2017.03.02"]
[SourceVersion "1"]
[SourceVersionDate "2017.03.02"]
[SourceQuality "1"]

1. b3 g6 2. Bb2 Nf6 3. Bxf6 exf6 4. c4 f5 5. Nc3 Bg7 6. g3 0-0 7. Bg2 d6 8. e3 c6 9. Rc1 a5 10. Nge2 Na6 11. d4 Re8 12. 0-0 Bd7 13. Nf4 Nc7 14. h4 Ne6 15. Nxe6 fxe6 16. e4 f4 17. Ne2 fxg3 18. fxg3 e5 19. d5 a4 20. dxc6 Bxc6 21. Rc3 axb3 22. axb3 Qb6+ 23. Kh1 Qc5 24. Rd3 Rad8 25. Nc3 Rf8 26. Rxf8+ Bxf8 27. Nd5 Ra8 28. Qf1 Bxd5 29. Rxd5 Qe3 30. Rd3 Qh6 31. Bh3 Be7 32. Rf3 Rf8 33. Be6+ Kh8 34. Rf7 Rxf7 35. Qxf7 Qf8 36. Kg2 Qxf7 37. Bxf7 Kg7 38. Bd5 b6 39. Kf3 h5 40. Be6 Kf6 41. Bd7 Bd8 42. Be8 Kg7 43. Ke2 Kh6 44. Kd3 g5 45. hxg5+ Bxg5 46. Bd7 Bc1 47. Ke2 Kg5 48. Kf3 Ba3 1/2-1/2

[Event "Wch Blitz"]
[Site "Doha"]
[Date "2016.12.29"]
[Round "1"]
[White "Zhang, Zhong"]
[Black "Khayat, Abdullah F"]
[Result "1-0"]
[WhiteElo "2645"]
[BlackElo "1732"]
[PlyCount "73"]
[EventDate "2016.12.29"]
[EventType "swiss (blitz)"]
[EventRounds "21"]
[EventCountry "QAT"]
[SourceTitle "CBM 176 Extra"]
[Source "ChessBase"]
[SourceDate "2017.03.02"]
[SourceVersion "1"]
[SourceVersionDate "2017.03.02"]
[SourceQuality "1"]

1. e4 d5 2. exd5 Nf6 3. Nf3 Nxd5 4. d4 Bg4 5. Be2 e6 6. 0-0 Bd6 7. h3 Bh5 8. c4 Nf6 9. Qb3 b6 10. Bg5 0-0 11. Nc3 c6 12. Rad1 Be7 13. Bf4 Nbd7 14. Qa4 Qc8 15. Rfe1 h6 16. a3 g5 17. Bg3 Bg6 18. Bf1 Nh5 19. Bh2 Ng7 20. b4 f5 21. Ne5 Nxe5 22. Bxe5 f4 23. d5 exd5 24. cxd5 b5 25. Qb3 f3 26. d6+ Bf7 27. Qb2 Bd8 28. d7 Qb7 29. Nxb5 cxb5 30. Bxg7 Rb8 31. Bxf8 Kxf8 32. Qh8+ Bg8 33. Re8+ Kf7 34. Qxg8+ Kf6 35. Qe6+ Kg7 36. Rg8+ Kh7 37. Qg6# 1-0

[Event "Wch Rapid"]
[Site "Doha"]
[Date "2016.12.28"]
[Round "13"]
[White "Darini, Pouria"]
[Black "Zhang, Zhong"]
[Result "1-0"]
[WhiteElo "2511"]
[BlackElo "2645"]
[PlyCount "45"]
[EventDate "2016.12.26"]
[EventType "swiss (rapid)"]
[EventRounds "15"]
[EventCountry "QAT"]
[SourceTitle "CBM 176"]
[Source "ChessBase"]
[SourceDate "2017.01.17"]
[SourceVersion "1"]
[SourceVersionDate "2017.01.17"]
[SourceQuality "1"]

1. d4 Nf6 2. Nc3 d6 3. e4 g6 4. Be3 c6 5. Qd2 b5 6. Bd3 Nbd7 7. a4 b4 8. Nce2 a5 9. Nf3 Bb7 10. 0-0 c5 11. e5 cxd4 12. exf6 dxe3 13. Qxe3 e6 14. Bb5 Qxf6 15. Qb6 Bxf3 16. gxf3 Qg5+ 17. Ng3 Qc5 18. Bxd7+ Ke7 19. Qxc5 dxc5 20. Rad1 Bg7 21. Bb5 Rad8 22. Ne4 Bxb2 23. Nxc5 1-0